[Event "BL 1415 (Women)"]
[Site "Germany"]
[Date "2015.03.29"]
[Round "8.3"]
[White "Theissl Pokorna, Regina"]
[Black "Madl, Ildiko"]
[Result "1/2-1/2"]
[WhiteElo "2362"]
[BlackElo "2356"]
[PlyCount "55"]
[EventDate "2014.09.27"]
[EventType "team-tourn"]
[EventRounds "11"]
[EventCountry "GER"]
[SourceTitle "CBM 166 Extra"]
[Source "ChessBase"]
[SourceDate "2015.06.18"]
[SourceVersion "1"]
[SourceVersionDate "2015.06.18"]
[SourceQuality "1"]
[WhiteTeam "Rodewisch (W)"]
[BlackTeam "Halle USV (W)"]
[WhiteTeamCountry "GER"]
[BlackTeamCountry "GER"]

1. e4 c5 2. Nf3 d6 3. d4 cxd4 4. Nxd4 Nf6 5. Nc3 Nc6 6. Bc4 e6 7. 0-0 a6 8. Bb3 Be7 9. f4 Qc7 10. Kh1 Na5 11. Ba4+ Bd7 12. e5 dxe5 13. fxe5 Qxe5 14. Bf4 Qc5 15. Bxd7+ Nxd7 16. Na4 Qd5 17. Nc3 Qc5 18. Nb3 Nxb3 19. cxb3 Nf6 20. Rc1 0-0 21. Na4 Qb5 22. Rc7 Rad8 23. Qf3 Rd7 24. Nc3 Qb6 25. Na4 Qb5 26. Nc3 Qb6 27. Na4 Qb5 28. Nc3 1/2-1/2

[Event "Steyr Landesliga 1415"]
[Site "Austria"]
[Date "2015.03.07"]
[Round "8.1"]
[White "Madl, Ildiko"]
[Black "Horvath, Peter"]
[Result "1-0"]
[WhiteElo "2356"]
[BlackElo "2443"]
[PlyCount "119"]
[EventDate "2014.09.27"]
[EventType "team-tourn"]
[EventRounds "11"]
[EventCountry "AUT"]
[SourceTitle "EXT 2016"]
[Source "ChessBase"]
[SourceDate "2015.10.08"]
[SourceVersion "1"]
[SourceVersionDate "2015.10.08"]
[SourceQuality "1"]
[WhiteTeam "Feldbach Kirchberg"]
[BlackTeam "Leoben"]
[WhiteTeamCountry "AUT"]
[BlackTeamCountry "AUT"]

1. e4 c5 2. Nf3 Nc6 3. Bb5 g6 4. Bxc6 dxc6 5. d3 Bg7 6. h3 Nf6 7. Nc3 Nd7 8. 0-0 e5 9. Be3 Qe7 10. a4 Nf8 11. a5 Ne6 12. Na4 0-0 13. c3 Rd8 14. Qc2 f5 15. exf5 gxf5 16. Rfe1 f4 17. Bd2 Ng5 18. Nxe5 Bxe5 19. Bxf4 Qg7 20. Bxe5 Nf3+ 21. Kh1 Nxe5 22. Nxc5 Kh8 23. Re3 Rg8 24. f4 Ng6 25. Rf1 Rf8 26. Qf2 b6 27. axb6 axb6 28. Ne6 Bxe6 29. Rxe6 Qd7 30. Qe3 Rae8 31. Rxe8 Rxe8 32. Qxb6 Qxd3 33. Rf3 Qd5 34. Kh2 Rf8 35. Qe3 Qd6 36. g3 Qd7 37. h4 Re8 38. Qf2 Qd1 39. Re3 Rxe3 40. Qxe3 Qc2+ 41. Kh3 Qf5+ 42. Kh2 Kg7 43. b4 Kf7 44. Qe2 Qe6 45. Qh5 Kg7 46. f5 Qe5 47. Qg4 Qxc3 48. fxg6 hxg6 49. h5 Qd2+ 50. Kh3 g5 51. Qf5 Qc1 52. Kg4 Qc4+ 53. Kxg5 Qxb4 54. Qd7+ Kg8 55. Kh6 Kf8 56. g4 Qc3 57. g5 Qh8+ 58. Kg6 Qg8+ 59. Kf5 Qc4 60. Qd6+ 1-0

[Event "HUN-chT2 Charousek 1415"]
[Site "Hungary"]
[Date "2015.03.01"]
[Round "7"]
[White "Macsik, Tamas"]
[Black "Madl, Ildiko"]
[Result "1/2-1/2"]
[WhiteElo "2281"]
[BlackElo "2356"]
[PlyCount "25"]
[EventDate "2014.10.12"]
[EventType "team-tourn"]
[EventRounds "9"]
[EventCountry "HUN"]
[SourceTitle "EXT 2016"]
[Source "ChessBase"]
[SourceDate "2015.10.08"]
[SourceVersion "1"]
[SourceVersionDate "2015.10.08"]
[SourceQuality "1"]
[WhiteTeam "Paks ASE II"]
[BlackTeam "Csuti"]
[WhiteTeamCountry "HUN"]
[BlackTeamCountry "HUN"]

1. d4 d5 2. Nf3 Nf6 3. e3 c5 4. c3 e6 5. Nbd2 Nc6 6. Bd3 Bd6 7. dxc5 Bxc5 8. b4 Bd6 9. a3 0-0 10. 0-0 a6 11. c4 Ne5 12. Be2 dxc4 13. Nxc4 1/2-1/2